000 00744nam a22002777a 4500
003 UA-OsUOA
001 21704
007 ta
008 20031212b un ||||| |||| 00| 0 ukr d
100 _aГлазырин В.В.
700 _aГревцов Ю.И.
700 _aЗенков В.В.
090 _a340:316(075.8)
_bС69
942 _cBK
040 _aUA-OsUOA
_brus
_cUA-OsUOA
_dUA-OsUOA
245 _aСоциология права
_bУчебное пособие
_cРед. В.М.Сырых, проф.
300 _a480 с.
955 _a0
041 _arus
080 _a340:316(075.8)
020 _a5-7205-0416-8
260 _aМосква
_bЮстицинформ
_c2001
044 _aRU
650 7 _2UDC
999 _c307911
_d307911